ARRUPE JESUIT UNIVERSITY

CORONAVIRUS -STOP THE SPREAD - CLEAN,DISINFECT,COVER

Violence in Nigeria: (Record no. 122214)

MARC details
000 -LEADER
fixed length control field 00459nam a22001337a 4500
008 - FIXED-LENGTH DATA ELEMENTS--GENERAL INFORMATION
fixed length control field 150226b xxu||||| |||| 00| 0 eng d
020 ## - INTERNATIONAL STANDARD BOOK NUMBER
International Standard Book Number 9781580460521
050 ## - LIBRARY OF CONGRESS CALL NUMBER
Classification number BL2470.N5 F35 1998
100 ## - MAIN ENTRY--PERSONAL NAME
Personal name Falola, Toyin
9 (RLIN) 15585
245 ## - TITLE STATEMENT
Title Violence in Nigeria:
Remainder of title the crisis of religious politics and secular ideologies
Statement of responsibility, etc / by Toyin Falola
260 ## - PUBLICATION, DISTRIBUTION, ETC. (IMPRINT)
Place of publication, distribution, etc New York
Name of publisher, distributor, etc University of Rochester Press
Date of publication, distribution, etc 1998
300 ## - PHYSICAL DESCRIPTION
Extent xv, 386p. ;
Dimensions 23cm.
942 ## - ADDED ENTRY ELEMENTS (KOHA)
Source of classification or shelving scheme Library of Congress Classification
Item type Monograph ( Printed materials)
Koha issues (borrowed), all copies 2
Holdings
Withdrawn status Lost status Source of classification or shelving scheme Damaged status Not for loan Collection code Home library Current library Shelving location Date acquired Total Checkouts Full call number Barcode Date last seen Date last borrowed Price effective from Koha item type
    Library of Congress Classification     Main Collection ARRUPE LIBRARY ARRUPE LIBRARY Main Collection 26/02/2015 3 BL2470.N5 F35 1998 46500002843 25/01/2017 17/01/2017 26/02/2015 Monograph ( Printed materials)

 

Arrupe Library. PO Box MP320 Mt Pleasant, Harare, Zimbabwe
263 242 745411|librarian@aju.ac.zw